ბათუმის შოთა რუსთაველის სახელმწიფო უნივერსიტეტის ბიბლიოთეკა

Ingenieurkunst in brandenburg: Land zwischen tradition und hightech / (ბიბ.ჩანაწერი № 50507)

000 -LEADER
fixed length control field 00702nam a2200229Ia 4500
001 - CONTROL NUMBER
control field 17456
003 - CONTROL NUMBER IDENTIFIER
control field GE_BSU
005 - DATE AND TIME OF LATEST TRANSACTION
control field 20200212142442.0
008 - FIXED-LENGTH DATA ELEMENTS--GENERAL INFORMATION
fixed length control field 181216s2000en xx |||||||||||||| ||eng||
020 ## - INTERNATIONAL STANDARD BOOK NUMBER
International Standard Book Number 9783980415439
040 ## - CATALOGING SOURCE
Transcribing agency GE_BSU
041 ## - LANGUAGE CODE
Language code of text/sound track or separate title eng
080 ## - UNIVERSAL DECIMAL CLASSIFICATION NUMBER
Universal Decimal Classification number 72 J-13
100 ## - MAIN ENTRY--PERSONAL NAME
Personal name Jacobs,Peter.
9 (RLIN) 7003
245 ## - TITLE STATEMENT
Title Ingenieurkunst in brandenburg: Land zwischen tradition und hightech /
Statement of responsibility, etc. Peter Jacobs ; Michael Ochel,
264 ## - PRODUCTION, PUBLICATION, DISTRIBUTION, MANUFACTURE, AND COPYRIGHT NOTICE
Place of production, publication, distribution, manufacture Berlin:
Name of producer, publisher, distributor, manufacturer Klageo,
Date of production, publication, distribution, manufacture, or copyright notice 2000.
300 ## - PHYSICAL DESCRIPTION
Extent 160 p.
Other physical details ill;
Dimensions 29 cm
653 ## - INDEX TERM--UNCONTROLLED
keyword Ingenieurkunst in brandenburg: Land zwischen tradition und hightech
653 ## - INDEX TERM--UNCONTROLLED
keyword არქიტექტურა
700 ## - ADDED ENTRY--PERSONAL NAME
Personal name Ochel, Michael.
9 (RLIN) 7004
942 ## - ADDED ENTRY ELEMENTS (KOHA)
Koha item type წიგნი
Source of classification or shelving scheme
ეგზემპლარები
Withdrawn status Lost status Source of classification or shelving scheme Damaged status Not for loan Permanent Location Current Location Shelving location Date acquired Full call number Barcode Date last seen Copy number Price effective from Koha item type
          ბათუმის შოთა რუსთაველის სახელმწიფო უნივერსიტეტის მთავარი ბიბლიოთეკა ტექნოლოგიური ფაკულტეტის ბიბლიოთეკა წიგნსაცავი 2018-12-17 72 J-13 45446 2018-12-17 45446 2018-12-17 წიგნი